000 00807nac a22002051u 4500
010 _a 95022602
020 _a0133262162
082 0 0 _a320
_bR17
090 _c3858
_d3858
100 _aRanney, Austin.
245 1 0 _aGoverning :
_ban introduction to political science /
_cAustin Ranney.
250 _a7th ed.
260 _aUpper Saddle River, N.J. :
_bPrentice-Hall,
_cc1996.
300 _axvii, 478 p. :
_bill. ;
_c25 cm.
504 _aIncludes bibliographical references and index.
650 0 _aPolitical science.
942 _cBB
_k320R17
999 _c3858
_d3858